书目信息 |
| 题名: |
反洗钱前沿问题研究
|
|
| 作者: | 罗扬 , 李哲 主编 | |
| 分册: | ||
| 出版信息: | 北京 中国金融出版社 2014 |
|
| 页数: | 357页 | |
| 开本: | 24cm | |
| 丛书名: | ||
| 单 册: | ||
| 中图分类: | D924.334 | |
| 科图分类: | ||
| 主题词: | 洗钱罪--研究报告--中国 | |
| 电子资源: | ||
| ISBN: | 978-7-5049-7728-1 | |
| 000 | 01080nam0 2200277 450 | |
| 001 | 2333582487 | |
| 005 | 20231211092002.41 | |
| 010 | @a978-7-5049-7728-1@dCNY 72.00 | |
| 090 | @aD924.3@bly | |
| 096 | @aD924.3@bly | |
| 100 | @a20150126d2014 em y0chiy0120 ea | |
| 101 | 0 | @achi |
| 102 | @aCN@b110000 | |
| 105 | @ay z 000yy | |
| 200 | 1 | @a反洗钱前沿问题研究@Afan xi qian qian yan wen ti yan jiu@b专著@f罗扬,李哲主编 |
| 210 | @a北京@c中国金融出版社@d2014 | |
| 215 | @a357页@d24cm | |
| 306 | @a内部资料 | |
| 312 | @a封面英文题名:Studies on the frontier issues in AML/CFT | |
| 330 | @a本书收录了几十篇与反洗钱前沿问题相关的研究报告,分三个部分:第一部分是反洗钱制度与政策研究,第二部分是类型学研究,第三部分是金融情报机构建设经验研究,第四部分是反洗钱技术基础研究,通过建立监测分析技术模型来分析洗钱的动态。本书对于提高我国反洗钱监测分析工作具有重要的意义。 | |
| 606 | 0 | @a洗钱罪@x研究报告@y中国 |
| 690 | @aD924.334@v5 | |
| 701 | 0 | @a罗扬@Aluo yang@c(金融)@4主编 |
| 701 | 0 | @a李哲@Ali zhe@4主编 |
| 801 | 2 | @aCN@b辽宁北配@c20231205 |
| 905 | @aZUCC@dD924.334@e14 | |
| 反洗钱前沿问题研究/罗扬,李哲主编.-北京:中国金融出版社,2014 |
| 357页;24cm |
| ISBN 978-7-5049-7728-1:CNY 72.00 |
| 本书收录了几十篇与反洗钱前沿问题相关的研究报告,分三个部分:第一部分是反洗钱制度与政策研究,第二部分是类型学研究,第三部分是金融情报机构建设经验研究,第四部分是反洗钱技术基础研究,通过建立监测分析技术模型来分析洗钱的动态。本书对于提高我国反洗钱监测分析工作具有重要的意义。 |
| ● |
| 相关链接 |
|
|
|
正题名:反洗钱前沿问题研究
索取号:D924.334/14
 
预约/预借
| 序号 | 登录号 | 条形码 | 馆藏地/架位号 | 状态 | 备注 |
| 1 | 2001534206 | 2001534206 | 505书库/ [索取号:D924.334/14] | 在馆 | |
| 2 | 2001534207 | 2001534207 | 505书库/ [索取号:D924.334/14] | 在馆 | |
| 3 | 2001534208 | 2001534208 | 201书库/201房间1架3层1列/ [索取号:D924.334/14] | 在馆 | |
| 4 | 2001534209 | 2001534209 | 505书库/ [索取号:D924.334/14] | 在馆 | |
| 5 | 2001534210 | 2001534210 | 505书库/ [索取号:D924.334/14] | 在馆 | |
| 6 | 2001534211 | 2001534211 | 505书库/ [索取号:D924.334/14] | 在馆 | |
| 7 | 2001534212 | 2001534212 | 505书库/ [索取号:D924.334/14] | 在馆 | |
| 8 | 2001534213 | 2001534213 | 201书库/201房间1架3层1列/ [索取号:D924.334/14] | 在馆 | |
| 9 | 2001534214 | 2001534214 | 315书库/ [索取号:D924.334/14] | 在馆 | |
| 10 | 2001534215 | 2001534215 | 315书库/ [索取号:D924.334/14] | 在馆 | |
| 11 | 2001534216 | 2001534216 | 315书库/ [索取号:D924.334/14] | 在馆 | |
| 12 | 2001534217 | 2001534217 | 315书库/ [索取号:D924.334/14] | 在馆 | |
| 13 | 2001534218 | 2001534218 | 315书库/ [索取号:D924.334/14] | 在馆 | |
| 14 | 2001534219 | 2001534219 | 315书库/ [索取号:D924.334/14] | 在馆 |